00977nam a22002177a 450000500170000000800410001702000180005808200180007610000430009424501360013725000170027326000550029030000190034533600100036433700140037433800130038850400360040150502120043765000630064965000470071220231102152019.0170314s2016 mx |||| |||| 00| 0 spa d a9786076103340 a345.05 bO77i aOrtíz Ruíz, José Alberto eautor aIntroducción al estudio del derecho procesal penal del sistema acusatorio y adversarial vol.1c / Ortíz Ruíz, José Alberto  a1 Edición  aMéxicob : Flores editor y distribuidorc , 2016 a323 páginas  aTexto aSin medio aVolumen  aIncluye bibliografía pp 1 323 aEl origen del sistema acusatorio y adversarial en México Principios rectores y partes en el proceso Pruebas reconocidad por la ley Audiencia inicial La investigación del delito y la teória del caso 14aEL ORIGEN DEL SISTEMA ACUSATORIO Y ADVERSARIAL EN MÉXICO14aPRINCIPIOS RECTORES Y PARTES EN EL PROCESO